Anexos: (Record no. 11375)

MARC details
000 -LEADER
fixed length control field 00756nam a22002057a 4500
005 - DATE AND TIME OF LATEST TRANSACTION
control field 20150124121853.0
008 - FIXED-LENGTH DATA ELEMENTS--GENERAL INFORMATION
fixed length control field 110811t mx||||| |||| 00| 0 spa d
050 04 - LIBRARY OF CONGRESS CALL NUMBER
Classification number N910 .M6
Item number A54 2001
245 00 - TITLE STATEMENT
Title Anexos:
Remainder of title catálogo comentado del acervo del Museo Nacional del Arte: Escultra. Siglo XIX /
Statement of responsibility, etc Jaime Soler Frost, Coordinador
250 ## - EDITION STATEMENT
Edition statement 1a ed.
260 ## - PUBLICATION, DISTRIBUTION, ETC. (IMPRINT)
Place of publication, distribution, etc México :
Name of publisher, distributor, etc Museo Nacional del Arte : Universidad Nacional Autónoma de México,
Date of publication, distribution, etc 2001
300 ## - PHYSICAL DESCRIPTION
Extent 87 p. ;
Dimensions 22 cm.
504 ## - BIBLIOGRAPHY, ETC. NOTE
Bibliography, etc Incluye índice
600 ## - SUBJECT ADDED ENTRY--PERSONAL NAME
Source of heading or term Lemb
610 2# - SUBJECT ADDED ENTRY--CORPORATE NAME
Source of heading or term Lemb
Corporate name or jurisdiction name as entry element Museo Nacional del Arte (México)
Form subdivision Catálogos
650 #7 - SUBJECT ADDED ENTRY--TOPICAL TERM
Source of heading or term Lemb
Topical term or geographic name as entry element Arte
Form subdivision Catálogos
Geographic subdivision México
700 1# - ADDED ENTRY--PERSONAL NAME
Personal name Soler Frost, Jaime
Relator term coord.
710 2# - ADDED ENTRY--CORPORATE NAME
Corporate name or jurisdiction name as entry element Museo Nacional del Arte (México)
942 ## - ADDED ENTRY ELEMENTS (KOHA)
Source of classification or shelving scheme Biblioteca del Cogreso de los Estados Unidos
Koha item type Libro
Holdings
Estado de pérdida Fuente de clasificación Estado del daño No para préstamo Ubicación permanente Ubicación actual Apartado o colección Fecha de adquisición Clasificación Código de Barras Date last seen Número de copia Tipo de recurso Nota pública
  Biblioteca del Cogreso de los Estados Unidos     Biblioteca del Instituto de Investigaciones Históricas Biblioteca del Instituto de Investigaciones Históricas General 11/08/2011 N910 .M6 A54 2001 IIH000007513 16/01/2015 C:1 Libro GENERAL